[Event "It (open)"]
[Site "masterchessopen.com Hamburg (Germany)"]
[Round "3"]
[White "Bekker-Jensen Anne (DEN)"]
[Black "Weischede Thomas (GER)"]
[Result "0-1"]
[WhiteElo "2074"]
[BlackElo "2270"]

1.d4 g6 2.c4 Bg7 3.Nc3 Nf6 4.e4 d6 5.f4 O-O 6.Nf3 c5 7.dxc5 Qa5 8.Bd3 Qxc5
9.Qe2 Nc6 10.Be3 Qa5 11.h3 Nh5 12.Kf2 Bd7 13.Rac1 Rac8 14.a3 Rfe8 15.g4 Nf6
16.Kg2 Rf8 17.Nd5 Nxd5 18.cxd5 Nb8 19.Bd2 Qa4 20.Bb4 a5 21.Bc3 Bxc3 22.bxc3
Qxa3 23.Qd2 Na6 24.Nd4 Qc5 25.Qe2 a4 26.Rc2 Qa5 27.Nc6 Bxc6 28.dxc6 Rxc6
29.Bxa6 bxa6 30.Ra1 Rxc3 31.Rxa4 Qxa4 32.Rxc3 Rb8 33.Qd3 Qa1 34.Kf3 Qh1+
35.Kg3 Qe1+ 36.Kf3 a5 37.Qd4 a4 38.Qd3 Qxc3 {#R} 0-1

[Event "Cup Yugoslavia (team)"]
[Site "masterchessopen.com Herceg Novi (Montenegro)"]
[Round "0"]
[White "Raicevic Vladimir (SRB)"]
[Black "Popovic Petar (SRB)"]
[Result "1/2-1/2"]
[WhiteElo "2103"]
[BlackElo "2490"]

1.d4 Nf6 2.c4 g6 3.Nc3 Bg7 4.e4 d6 5.f4 O-O 6.Nf3 c5 7.dxc5 Qa5 8.Bd3 Qxc5
9.Qe2 Nc6 10.Be3 Qa5 11.Bd2 Bg4 12.Nb5 Qd8 13.h3 Bxf3 14.Qxf3 Nd7 15.Bc3 a6
16.Bxg7 Kxg7 17.Nc3 Nc5 18.O-O Qa5 {#d} 1/2-1/2

[Event "Ch Slovenia"]
[Site "masterchessopen.com Kranj (Slovenia)"]
[Round "9"]
[White "Soln Primoz (SLO)"]
[Black "Podkriznik Gregor (SLO)"]
[Result "1/2-1/2"]
[WhiteElo "2411"]
[BlackElo "2306"]

1.d4 Nf6 2.c4 g6 3.Nc3 Bg7 4.e4 d6 5.f4 O-O 6.Nf3 c5 7.dxc5 Qa5 8.Bd3 Qxc5
9.Qe2 Nc6 10.Be3 Qa5 11.O-O Bg4 12.Rac1 Nd7 13.Bb1 Nd4 14.Qf2 Nxf3+ 15.gxf3
Be6 16.Nd5 Bxd5 17.cxd5 Rfc8 18.Rc2 Qd8 19.Rfc1 Nb6 20.b3 Rxc2 21.Rxc2 Rc8
22.Qd2 Qd7 23.Kg2 Rxc2 24.Bxc2 Qc7 25.Bd3 Nd7 26.Qc2 {#d} 1/2-1/2

[Event "It"]
[Site "masterchessopen.com Monmouth (Wales)"]
[Round "6"]
[White "Dunworth Christopher (ENG)"]
[Black "Buckley Simon T (ENG)"]
[Result "1/2-1/2"]
[WhiteElo "2308"]
[BlackElo "2216"]

1.d4 Nf6 2.c4 g6 3.Nc3 Bg7 4.e4 d6 5.f4 O-O 6.Nf3 c5 7.dxc5 Qa5 8.Bd3 Qxc5
9.Qe2 Nc6 10.Be3 Qa5 11.Rc1 Be6 12.h3 Nh5 13.Kf2 f5 14.g3 Bd7 15.exf5 Bxf5
16.Bxf5 Rxf5 17.Kg2 e5 18.fxe5 Raf8 19.Rhf1 Bxe5 20.Ne4 Re8 21.g4 Bf4 22.Nfd2
Ng3 23.Qd3 Nb4 {#d} 1/2-1/2

[Event "Ch City (open)"]
[Site "masterchessopen.com Pinneberg (Germany)"]
[Round "3"]
[White "Schroeder Raymond (GER)"]
[Black "Bohn Christoph (GER)"]
[Result "1-0"]
[WhiteElo "2105"]
[BlackElo "1923"]

1.d4 Nf6 2.c4 g6 3.Nc3 Bg7 4.e4 d6 5.f4 O-O 6.Nf3 c5 7.dxc5 Qa5 8.Bd3 Qxc5
9.Qe2 Nc6 10.Be3 Qa5 11.O-O Ng4 12.Bd2 Qb6+ 13.Kh1 f5 14.h3 Nh6 15.Nd5 Qd8
16.e5 dxe5 17.Nxe5 Nxe5 18.fxe5 Be6 19.Bg5 Bxd5 20.cxd5 Nf7 21.Bf4 Qxd5 22.Bc4
Qa5 23.Rfd1 Kh8 24.Rd5 Qa4 25.Rad1 Rad8 26.b3 Qc6 27.e6 Nd6 28.Bxd6 Rxd6
29.Rxd6 exd6 30.e7 Re8 31.Bb5 Qc8 32.Bxe8 Qxe8 33.Rxd6 {#r} 1-0

[Event "It (open)"]
[Site "masterchessopen.com San Sebastian (Spain)"]
[Round "0"]
[White "Cruz-Lopez Claret Carlos (ESP)"]
[Black "Montolio Benedicto Cesar (ESP)"]
[Result "1-0"]
[WhiteElo "2301"]
[BlackElo "2102"]

1.d4 Nf6 2.c4 g6 3.Nc3 Bg7 4.e4 d6 5.f4 O-O 6.Nf3 c5 7.dxc5 Qa5 8.Bd3 Qxc5
9.Qe2 Nc6 10.Be3 Qa5 11.O-O Ng4 12.Bd2 Qb6+ 13.Kh1 Qxb2 14.Nb5 Qxa1 15.Rxa1
Bxa1 16.h3 Nh6 17.f5 Bg7 18.g4 Kh8 19.Qf2 Ng8 20.Qh4 a6 21.Nc7 Rb8 22.Ng5 h6
23.Nd5 e6 24.f6 exd5 25.fxg7+ Kxg7 26.Nf3 d4 27.Nxd4 Nxd4 28.Bc3 f6 29.Bxd4
Be6 30.Qg3 Rfd8 31.h4 g5 32.hxg5 hxg5 33.Qe3 Kf7 34.Qh3 Ke8 35.Qh7 Rd7 36.Qg6+
Bf7 37.Qf5 Ke7 38.c5 Be6 39.Qg6 Kd8 40.Bxf6+ Nxf6 {#r} 1-0

[Event "Ch Slovakia (team) 1999/00 (1 liga) East"]
[Site "masterchessopen.com Slovakia"]
[Round "3"]
[White "Lisko Frantisek (SVK)"]
[Black "Likavsky Tomas (SVK)"]
[Result "1/2-1/2"]
[WhiteElo "2346"]
[BlackElo "2366"]

1.d4 Nf6 2.c4 g6 3.Nc3 Bg7 4.e4 d6 5.f4 O-O 6.Nf3 c5 7.dxc5 Qa5 8.Bd3 Qxc5
9.Qe2 Nc6 10.Be3 Qa5 11.Rc1 e5 12.O-O Ng4 13.Bd2 exf4 14.Bxf4 Nge5 15.Nxe5
dxe5 16.Bg5 f6 17.Be3 f5 18.exf5 gxf5 19.Qh5 e4 20.Bb1 Be6 21.Rf4 Rf7 22.c5
Ne5 23.Nxe4 fxe4 24.Bxe4 Ng6 25.Bxg6 hxg6 26.Qxg6 Rxf4 27.Bxf4 Bf7 28.Qg3 Qd8
29.Be5 Qf8 30.Bd6 Qd8 31.Be5 Qf8 32.Bd6 Qd8 33.Be5 {#d} 1/2-1/2

[Event "It (open)"]
[Site "masterchessopen.com Tenerife (Spain)"]
[Round "8"]
[White "Lezcano Jaen Pedro (ESP)"]
[Black "Strikovic Aleksa (SRB)"]
[Result "1/2-1/2"]
[WhiteElo "2399"]
[BlackElo "2518"]

1.d4 Nf6 2.c4 g6 3.Nc3 Bg7 4.e4 d6 5.f4 O-O 6.Nf3 c5 7.dxc5 Qa5 8.Bd3 Qxc5
9.Qe2 Nc6 10.Be3 Qa5 11.O-O Bg4 12.Rac1 Nd7 13.Qf2 Bxf3 14.gxf3 Nc5 15.Bb1 Na4
16.Nxa4 Qxa4 17.b3 Qa5 18.Rfd1 Qc7 19.c5 {#d} 1/2-1/2

[Event "Cup Tripp Lite Bestcomp (active)"]
[Site "masterchessopen.com Baku (Azerbaijan)"]
[Round "0"]
[White "Ibragimov Bagir (AZE)"]
[Black "Mamedjarova Zeinab (AZE)"]
[Result "1-0"]
[WhiteElo "2385"]
[BlackElo "2173"]

1.d4 Nf6 2.c4 d6 3.Nc3 g6 4.e4 Bg7 5.f4 O-O 6.Nf3 c5 7.dxc5 Qa5 8.Bd3 Qxc5
9.Qe2 Nc6 10.Be3 Qa5 11.O-O Ng4 12.Bd2 Qh5 13.h3 Nf6 14.Rac1 Nd7 15.Be3 b6
16.Rfd1 Bb7 17.Bb1 Rfd8 18.Rd5 e5 19.Rxd6 exf4 20.Bxf4 Bh6 21.Rd5 Nce5 22.Nxe5
Bxf4 23.Nxd7 Qxe2 24.Nxe2 Be3+ 25.Kf1 Bxd5 26.Nf6+ Kg7 27.Nxd5 Bxc1 28.Nxc1
Rac8 29.Bd3 f5 {#r} 1-0

[Event "Ch Spain (team)"]
[Site "masterchessopen.com Barcelona (Spain)"]
[Round "4"]
[White "Gonzalez Velez Fermin (ESP)"]
[Black "Barrero Garcia Carlos (ESP)"]
[Result "1-0"]
[WhiteElo "2375"]
[BlackElo "2304"]

1.d4 Nf6 2.c4 g6 3.Nc3 Bg7 4.e4 d6 5.f4 O-O 6.Nf3 c5 7.dxc5 Qa5 8.Bd3 Qxc5
9.Qe2 Nc6 10.Be3 Qa5 11.O-O Ng4 12.Bd2 Nd4 13.Qe1 Qb6 14.Kh1 Qxb2 15.Rb1 Qa3
16.h3 Nh6 17.Nxd4 Bxd4 18.Rb3 Qc5 19.f5 Kg7 20.Rb5 Qa3 21.Rf3 Ng8 22.Rb3 Qc5
23.Nd5 b6 24.Rb5 Qc6 25.Qh4 Qd7 26.fxg6 hxg6 27.Nxe7 Nxe7 28.Bh6+ Kg8 29.Bxf8
Kxf8 30.e5 Bxe5 31.Rxe5 dxe5 32.Qh8+ Ng8 33.Bxg6 Qd1+ 34.Kh2 Be6 35.Bh7 Ke7
36.Bxg8 e4 37.Qf6+ Kd7 38.Bxf7 Qd6+ 39.Rf4 Bxf7 40.Qxf7+ Kc6 41.Kh1 Qd1+
42.Rf1 Qd4 43.Rf6+ Kc5 44.Rf5+ Kb4 45.Rb5+ Kc3 46.Rb3+ Kc2 47.Qf1 Rd8 48.Qb1+
Kd2 49.Rb2+ Ke3 50.Qc1+ Qd2 51.Rxd2 Rxd2 52.Qe1+ Kd3 53.Qf1+ Re2 54.Kh2 Kd2
55.Kg3 Re1 56.Qxe1+ {#r} 1-0

[Event "Arab Chess Festival (juniors) (under 20)"]
[Site "masterchessopen.com Beirut (Lebanon)"]
[Round "6"]
[White "Ghonimy Soltan (EGY)"]
[Black "Ahmad Aziz (IRQ)"]
[Result "1/2-1/2"]
[WhiteElo "2254"]
[BlackElo "2343"]

1.d4 Nf6 2.c4 g6 3.Nc3 Bg7 4.e4 d6 5.f4 O-O 6.Nf3 c5 7.dxc5 Qa5 8.Bd3 Qxc5
9.Qe2 Nc6 10.Be3 Qa5 11.O-O Bg4 12.Rac1 Nd7 13.Qf2 Bxf3 14.Qxf3 Bxc3 15.Rxc3
Qxa2 16.Qf2 Qa5 17.Qh4 Qb4 {#d} 1/2-1/2

[Event "It (b)"]
[Site "masterchessopen.com Budapest (Hungary)"]
[Round "6"]
[White "Zimmerman Yuri (ISR)"]
[Black "Farago Sandor (HUN)"]
[Result "1/2-1/2"]
[WhiteElo "2379"]
[BlackElo "2292"]

1.d4 Nf6 2.c4 g6 3.Nc3 Bg7 4.e4 d6 5.f4 O-O 6.Nf3 c5 7.dxc5 Qa5 8.Bd3 Qxc5
9.Qe2 Nc6 10.Be3 Qa5 11.O-O Ng4 12.Bd2 f5 13.h3 Nf6 14.Nb5 Qb6+ 15.Be3 Qd8
16.exf5 gxf5 17.Nfd4 e6 18.Rad1 a6 19.Nc3 Qc7 20.Bb1 Na5 21.b3 Bd7 22.Qd3 Rac8
23.Nde2 Ne8 24.Rc1 Nc6 25.Rfd1 Rf7 26.Qd2 Ne7 27.Nd4 Rf6 28.Nf3 Rg6 29.Ne2 Bc6
30.Rf1 Nf6 31.Ned4 Ne4 32.Bxe4 Bxe4 33.Ng5 Qd7 34.Ndf3 Qc6 35.Nxe4 fxe4 36.Nd4
Qd7 37.Kh1 Rf8 38.Rcd1 b5 39.Qc2 Qb7 40.Bg1 bxc4 41.bxc4 Bh6 42.Rde1 d5
43.cxd5 exd5 44.f5 Rgf6 45.g4 Qd7 46.Qg2 Bg7 47.Ne6 Rxe6 48.fxe6 Qxe6 49.Rxf8+
Kxf8 50.Bc5 Kg8 51.Qd2 Nc6 52.Qf4 h6 53.Kg2 Ne5 54.Rf1 Nd3 55.Qb8+ Kh7 56.Bf8
Be5 57.Qa7+ Kg6 58.Qe3 Kh7 59.Rf5 Bh8 60.Rh5 Bg7 {#d} 1/2-1/2

[Event "It (c)"]
[Site "masterchessopen.com Budapest (Hungary)"]
[Round "11"]
[White "Koskinen Henri (FIN)"]
[Black "Farago Sandor (HUN)"]
[Result "0-1"]
[WhiteElo "2310"]
[BlackElo "2292"]

1.d4 Nf6 2.c4 g6 3.Nc3 Bg7 4.e4 d6 5.f4 O-O 6.Nf3 c5 7.dxc5 Qa5 8.Bd3 Qxc5
9.Qe2 Nc6 10.Be3 Qa5 11.O-O Ng4 12.Bd2 f5 13.Kh1 Qd8 14.Rae1 e6 15.exf5 gxf5
16.h3 Nh6 17.Ng5 e5 18.Qh5 e4 19.Bb1 Bd7 20.Rd1 Rc8 21.Be1 Be8 22.Qh4 Qf6
23.Nd5 Qg6 24.b4 Qh5 25.g4 Qxh4 26.Bxh4 Bd7 27.b5 Nd4 28.Ne7+ Kh8 29.Nxc8 Rxc8
30.Rc1 Kg8 31.Be1 Bxb5 32.Bb4 Bxc4 33.Bxd6 Ne2 34.Kh2 Nxc1 35.Rxc1 Rc6 36.gxf5
Bd3 37.Rxc6 bxc6 38.f6 Bf8 39.Bxf8 Kxf8 40.Bxd3 exd3 41.Ne4 Nf5 42.Kg2 c5
43.Kf2 c4 44.Ke1 Kf7 45.Kd2 Ke6 46.Kc3 Nd6 47.f5+ Ke5 48.f7 Nxf7 49.Nf2 Nd6
50.f6 Kxf6 51.Kd4 Kf5 52.Kd5 Kf4 53.Nd1 Nf5 {#R} 0-1

[Event "It (cat.4)"]
[Site "masterchessopen.com Budapest (Hungary)"]
[Round "5"]
[White "Zimmerman Yuri (ISR)"]
[Black "Karatorossian David (ARM)"]
[Result "1-0"]
[WhiteElo "2379"]
[BlackElo "2405"]

1.d4 Nf6 2.c4 g6 3.Nc3 Bg7 4.e4 d6 5.f4 O-O 6.Nf3 c5 7.dxc5 Qa5 8.Bd3 Qxc5
9.Qe2 Nc6 10.Be3 Qa5 11.O-O Ng4 12.Bd2 Nd4 13.Nxd4 Bxd4+ 14.Kh1 Bg7 15.Rac1
Qd8 16.h3 Nf6 17.Be3 Nd7 18.b4 b6 19.Rfd1 Bb7 20.Qf2 Qb8 21.Qh4 Re8 22.Bb1 Nf6
23.Nd5 Qd8 24.Qf2 Nxd5 25.exd5 Qd7 26.f5 Rac8 27.Bd3 b5 28.cxb5 Bxd5 29.Bxa7
Rxc1 30.Rxc1 Ra8 31.b6 Rc8 32.Rxc8+ Qxc8 33.Qe2 Qb7 34.a4 gxf5 35.a5 f4 36.a6
Qd7 {#r} 1-0

[Event "Cup Mitropa"]
[Site "masterchessopen.com Charleville (France)"]
[Round "7"]
[White "Soln Primoz (SLO)"]
[Black "Gallagher Joseph G (SUI)"]
[Result "1/2-1/2"]
[WhiteElo "2413"]
[BlackElo "2514"]

1.d4 d6 2.c4 g6 3.e4 Bg7 4.Nc3 Nf6 5.f4 O-O 6.Nf3 c5 7.dxc5 Qa5 8.Bd3 Qxc5
9.Qe2 Nc6 10.Be3 Qa5 11.O-O Bg4 12.Rac1 Nd7 13.Qf2 Bxf3 14.gxf3 Rfc8 15.Bb1 a6
16.Rfd1 Qd8 17.Nd5 e6 18.Nc3 Qe7 19.Qd2 Qh4 20.Qf2 Qe7 21.Qc2 Qh4 22.Qf2 {#d}
1/2-1/2

[Event "It (open)"]
[Site "masterchessopen.com Cutro (Italy)"]
[Round "1"]
[White "Lazarev Vladimir (FRA)"]
[Black "Safranska Anda (LAT)"]
[Result "1-0"]
[WhiteElo "2478"]
[BlackElo "2337"]

1.d4 Nf6 2.c4 d6 3.Nc3 g6 4.e4 Bg7 5.f4 O-O 6.Nf3 c5 7.dxc5 Qa5 8.Bd3 Qxc5
9.Qe2 Nc6 10.Be3 Qa5 11.Rc1 Bg4 12.O-O Rac8 13.Kh1 Nd7 14.Bb1 a6 15.Qf2 Bxf3
16.gxf3 e6 17.Rfd1 Ncb8 18.Rxd6 Rxc4 19.Rcd1 Rc7 20.e5 f6 21.exf6 Bxf6 22.Ne4
Qh5 23.Rxe6 Bh4 24.Qg2 Nf6 25.Re5 Qh6 26.f5 Qh5 27.Nxf6+ Bxf6 28.Re6 g5 29.a3
Nc6 30.Bc5 Rd8 31.Rg1 Rf7 32.f4 {#r} 1-0

[Event "It (open)"]
[Site "masterchessopen.com Frohnleiten (Austria)"]
[Round "0"]
[White "Ydo Pim (NED)"]
[Black "Nickl Klaus (AUT)"]
[Result "1/2-1/2"]
[WhiteElo "2140"]
[BlackElo "2258"]

1.d4 Nf6 2.c4 g6 3.Nc3 Bg7 4.e4 d6 5.f4 O-O 6.Nf3 c5 7.dxc5 Qa5 8.Bd3 Qxc5
9.Qe2 Nc6 10.Be3 Qa5 11.O-O Ng4 12.Bd2 Nd4 13.Nxd4 Bxd4+ 14.Kh1 Qh5 15.h3 Bd7
16.Nd5 Rae8 17.f5 Nf6 18.Nxf6+ Bxf6 19.Qxh5 gxh5 20.Bh6 Bg7 21.Bxg7 Kxg7
22.Be2 Kh6 23.f6 exf6 24.Rxf6+ Kg7 25.Rxd6 Bc6 26.Bxh5 Rxe4 27.Bf3 Rxc4
28.Bxc6 bxc6 29.Rd7 a5 30.b3 Rc5 31.Ra7 Kg6 32.Rd1 Re8 33.Rdd7 Re1+ 34.Kh2 Rf1
35.Rd6+ Kg7 36.Rd2 h5 37.h4 Kg6 38.Ra6 f6 39.Re2 Kf5 40.Ra8 Kf4 41.Rae8 Rcc1
42.R8e4+ Kf5 43.R4e3 Rf4 44.Rh3 c5 45.Ree3 a4 46.Rc3 Rff1 47.Rhf3+ Ke6
48.Rfe3+ Kd5 49.Rcd3+ Kc6 50.Re6+ Kb5 51.Re4 axb3 52.axb3 Rc2 53.Ree3 Rff2
54.Rg3 f5 55.Rdf3 f4 56.Rxf2 Rxf2 57.Rg5 f3 58.Rxh5 Rxg2+ 59.Kh1 Rg4 60.Kh2 f2
61.Rf5 Rxh4+ 62.Kg3 Rb4 63.Kxf2 Rxb3 64.Ke2 Kb4 65.Kd2 Rh3 66.Kc2 Rh2+ 67.Kc1
c4 68.Rf3 Ra2 69.Kb1 {#d} 1/2-1/2

[Event "It (open)"]
[Site "masterchessopen.com Hoogeveen (Netherlands)"]
[Round "2"]
[White "Cifuentes Parada Roberto (ESP)"]
[Black "Aagaard Jacob (SCO)"]
[Result "1-0"]
[WhiteElo "2490"]
[BlackElo "2389"]

1.d4 Nf6 2.c4 g6 3.Nc3 Bg7 4.e4 d6 5.f4 O-O 6.Nf3 c5 7.dxc5 Qa5 8.Bd3 Qxc5
9.Qe2 Nc6 10.Be3 Qa5 11.Rc1 Bg4 12.O-O Nd7 13.Qf2 Bxf3 14.gxf3 Nc5 15.Bb1 Na4
16.Nd1 Nc5 17.Kh1 b5 18.cxb5 Qxb5 19.Nc3 Qa6 20.Nd5 Rab8 21.e5 Nb4 22.Nxe7+
Kh8 23.Rfd1 Nxa2 24.Rxd6 {#r} 1-0

[Event "Ch Hungary (team) 1999/00 (2 liga)"]
[Site "masterchessopen.com Hungary"]
[Round "8"]
[White "Boros Laszlo (HUN)"]
[Black "Kun Sandor (HUN)"]
[Result "1-0"]
[WhiteElo "1919"]
[BlackElo "2090"]

1.d4 Nf6 2.c4 g6 3.Nc3 Bg7 4.e4 d6 5.f4 c5 6.dxc5 Qa5 7.Bd3 Qxc5 8.Qe2 Nc6
9.Nf3 O-O 10.Be3 Qa5 11.O-O Ng4 12.Bd2 Nd4 13.Nxd4 Bxd4+ 14.Kh1 Qh5 15.h3 Nf2+
16.Rxf2 Bxf2 17.Qxf2 Bxh3 18.Kg1 Bd7 19.Nd5 f6 20.f5 gxf5 21.Nxe7+ Kh8 22.exf5
Bc6 23.Re1 Bxg2 24.Qxg2 Rg8 25.Nxg8 Rxg8 26.Qxg8+ Kxg8 27.Kf2 Qh2+ 28.Ke3 Qh6+
29.Ke2 Qh5+ 30.Kf2 Qh4+ 31.Kf3 Qh3+ 32.Ke2 Qg4+ 33.Ke3 Qg3+ 34.Kd4 h5 35.Re3
Qf2 36.Kc3 h4 37.Re2 Qc5 38.a3 h3 39.b4 Qg1 40.Re1 h2 41.Be4 Qg3+ 42.Kc2 Qxa3
43.Bxb7 Qa2+ 44.Kd3 Qb3+ 45.Bc3 Kg7 46.Bd5 Qa2 47.Re7+ Kf8 48.Rf7+ Ke8 49.Rxf6
Qb1+ 50.Ke3 Qc1+ 51.Kd3 Qd1+ 52.Ke3 Qc1+ 53.Kd3 Qd1+ 54.Ke3 Qxd5 55.cxd5 h1=Q
56.Rxd6 Qh3+ 57.Kd4 Qh4+ 58.Kc5 Qf2+ 59.Kb5 Qe2+ 60.Ka5 Qa2+ 61.Kb5 Qe2+
62.Ka5 Qc4 63.Be5 a6 64.Rxa6 Qxd5+ 65.b5 Qxe5 66.Re6+ {#r} 1-0

[Event "It (open)"]
[Site "masterchessopen.com Madrid (Spain)"]
[Round "2"]
[White "Timon Piote Silvia (ESP)"]
[Black "Garcia Esteban Ignacio (ESP)"]
[Result "1/2-1/2"]
[WhiteElo "2248"]
[BlackElo "1965"]

1.c4 Nf6 2.Nc3 g6 3.e4 d6 4.d4 Bg7 5.f4 O-O 6.Nf3 c5 7.dxc5 Qa5 8.Bd3 Qxc5
9.Qe2 Nc6 10.Be3 Qa5 11.h3 Nh5 12.Kf2 e5 13.Nd5 exf4 14.Nxf4 Nxf4 15.Bxf4 Qb6+
{#d} 1/2-1/2

[Event "It (open)"]
[Site "masterchessopen.com Mancha (Spain)"]
[Round "1"]
[White "Braga Fernando (AND)"]
[Black "Gadeo Colomina Francisco (ESP)"]
[Result "1-0"]
[WhiteElo "2455"]
[BlackElo "2178"]

1.c4 Nf6 2.Nc3 g6 3.d4 Bg7 4.e4 d6 5.f4 O-O 6.Nf3 c5 7.dxc5 Qa5 8.Bd3 Qxc5
9.Qe2 Nc6 10.Be3 Qa5 11.Rc1 Bd7 12.a3 Rfc8 13.Bd2 a6 14.O-O Qd8 15.b4 Bg4
16.Qf2 Bxf3 17.gxf3 e5 18.Rfd1 Nh5 19.f5 Nf4 20.Bf1 b6 21.Kh1 a5 22.b5 Ne7
23.Na4 Rcb8 24.Qh4 Rb7 25.Bxf4 exf4 26.f6 Nc8 27.e5 Rd7 28.Bh3 Raa7 29.Bxd7
Rxd7 30.Qh3 Bf8 31.c5 {#r} 1-0

[Event "It (open)"]
[Site "masterchessopen.com Rosario (Argentina)"]
[Round "7"]
[White "Miana Elias (ARG)"]
[Black "Izquierdo Daniel (URU)"]
[Result "1/2-1/2"]
[WhiteElo "2222"]
[BlackElo "2265"]

1.d4 Nf6 2.c4 g6 3.Nc3 Bg7 4.e4 d6 5.f4 O-O 6.Nf3 c5 7.dxc5 Qa5 8.Bd3 Qxc5
9.Qe2 Nc6 10.Be3 Qa5 11.O-O Bd7 12.Rac1 Rac8 13.a3 Ng4 14.Bd2 Nd4 15.Nxd4
Bxd4+ 16.Kh1 Qh5 17.h3 Nf6 18.Qxh5 Nxh5 19.Kh2 e6 20.g4 Ng7 21.Rc2 a6 22.Ne2
Ba7 23.Bb4 Ba4 24.Rc3 Rfd8 25.b3 Bc6 26.Rfc1 f5 27.exf5 exf5 28.gxf5 Nxf5
29.Bxf5 gxf5 30.Rg3+ Kf7 31.Rd1 Re8 32.Nc3 Re3 33.Rxe3 Bxe3 34.Bxd6 Rd8 35.Be5
Rxd1 36.Nxd1 Bc1 37.a4 Be4 38.Nc3 Bc2 39.b4 Bd2 40.a5 Bxc3 41.Bxc3 Bd3 42.c5
Bb5 43.Kg3 Ke6 44.Kf2 {#d} 1/2-1/2

[Event "Ch Slovakia (team) 1999/00 (1 liga) East"]
[Site "masterchessopen.com Slovakia"]
[Round "6"]
[White "Priehoda Vitezslav (CZE)"]
[Black "Turna Stefan (SVK)"]
[Result "0-1"]
[WhiteElo "2397"]
[BlackElo "2257"]

1.d4 Nf6 2.c4 g6 3.Nc3 Bg7 4.e4 d6 5.f4 O-O 6.Nf3 c5 7.dxc5 Qa5 8.Bd3 Qxc5
9.Qe2 Nc6 10.Be3 Qa5 11.Rc1 Ng4 12.Bd2 Qh5 13.h3 Nd4 14.Qf1 Nxf3+ 15.Qxf3 Bd4
16.Ke2 Nf6 17.g4 Qc5 18.g5 Nh5 19.Nd5 Re8 20.b4 Qc6 21.b5 Qd7 22.Kd1 e6 23.Ne3
b6 24.Nc2 Bg7 25.Qf2 Bb7 26.Rf1 d5 27.cxd5 exd5 28.e5 d4 29.Nb4 Qxh3 30.Rc7
Bg2 31.Rg1 Bf3+ 32.Kc2 Rac8 33.Rxc8 Rxc8+ 34.Kb1 Bf8 35.Nc2 Bd5 36.Qe2 Ng3
37.Qe1 Nf5 38.Be4 Ne3 39.Bxd5 Nxd5 40.Rg3 Qf5 41.Qd1 Qe4 {#R} 0-1

[Event "It (open)"]
[Site "masterchessopen.com Vantaa (Finland)"]
[Round "1"]
[White "Norri Joose (FIN)"]
[Black "Toikka Jussi (FIN)"]
[Result "1-0"]
[WhiteElo "2408"]
[BlackElo "2100"]

1.d4 Nf6 2.c4 g6 3.Nc3 Bg7 4.e4 d6 5.f4 O-O 6.Nf3 c5 7.dxc5 Qa5 8.Bd3 Qxc5
9.Qe2 Nc6 10.Be3 Qa5 11.O-O Qd8 12.Rad1 Nd7 13.Qf2 b6 14.Qh4 e6 15.Qh3 Qc7
16.Nb5 Qb8 17.Bb1 Bxb2 18.Ng5 h5 19.e5 dxe5 20.Bxg6 fxg6 21.Qxe6+ {#r} 1-0

[Event "Ch Romania (juniors) (under 20)"]
[Site "masterchessopen.com Calimanesti (Romania)"]
[Date "2000.05.04"]
[Round "2"]
[White "Jianu Vlad-Cristian (ROM)"]
[Black "Filip Lucian (ROM)"]
[Result "1/2-1/2"]
[WhiteElo "2293"]
[BlackElo "2278"]

1.d4 Nf6 2.c4 g6 3.Nc3 Bg7 4.e4 d6 5.f4 O-O 6.Nf3 c5 7.dxc5 Qa5 8.Bd3 Qxc5
9.Qe2 Nc6 10.Be3 Qa5 11.O-O Bg4 12.Rac1 Nd7 13.Qf2 Nc5 14.Bb1 a6 15.Rfd1 b5
16.cxb5 axb5 17.Bxc5 dxc5 18.Qxc5 Rac8 19.Qf2 Rfd8 20.Nd5 e6 21.Rxc6 exd5
22.Rxc8 Rxc8 23.exd5 Qa4 24.b3 Qxf4 25.h3 Rc1 26.Rxc1 Qxc1+ 27.Qe1 Qc5+ 28.Qf2
Qc1+ 29.Qe1 Qc5+ 30.Qf2 {#d} 1/2-1/2

[Event "Bayern Landesliga North 2000/01"]
[Site "masterchessopen.com Bayern (Germany)"]
[Round "8"]
[White "Junker Rene (GER)"]
[Black "Kraft Wolfgang (GER)"]
[Result "1/2-1/2"]
[WhiteElo "2181"]
[BlackElo "2134"]

1.d4 Nf6 2.c4 g6 3.Nc3 Bg7 4.e4 d6 5.f4 c5 6.dxc5 Qa5 7.Bd3 Qxc5 8.Nf3 O-O
9.Qe2 Nc6 10.Be3 Qa5 11.O-O Ng4 12.Bd2 Nd4 13.Nxd4 Bxd4+ 14.Kh1 Qh5 15.h3 Qh4
16.Be1 Qh6 17.Nd5 Be6 18.Nxe7+ Kh8 19.Nd5 Bxd5 20.cxd5 f5 21.Bc3 Bxc3 22.bxc3
Rae8 23.c4 fxe4 24.Qxg4 exd3 25.Qf3 d2 26.Qc3+ Kg8 27.Qxd2 Re4 28.Qb4 {#d}
1/2-1/2

[Event "Ch Argentina (1/2 final)"]
[Site "masterchessopen.com Buenos Aires (Argentina)"]
[Round "1"]
[White "Filgueira Hernan (ARG)"]
[Black "Bentancor Franco (ARG)"]
[Result "1-0"]
[WhiteElo "2384"]
[BlackElo "2240"]

1.d4 Nf6 2.c4 g6 3.Nc3 Bg7 4.e4 d6 5.f4 O-O 6.Nf3 c5 7.dxc5 Qa5 8.Bd3 Qxc5
9.Qe2 Nc6 10.Be3 Qa5 11.Rc1 Bg4 12.O-O Nd7 13.Qd2 Bxf3 14.Rxf3 Bd4 15.Bxd4
Nxd4 16.Rh3 a6 17.Kh1 Rfc8 18.Qf2 Nc6 19.Qh4 Nf8 20.Nd5 Qxa2 21.f5 Qxb2 22.Rb1
Qe5 23.f6 exf6 24.Nxf6+ Kg7 25.Rf1 h5 26.Rg3 Ne6 27.Nxh5+ Kg8 28.Nf6+ {#r} 1-0

[Event "Ch Argentina (1/2 final)"]
[Site "masterchessopen.com Buenos Aires (Argentina)"]
[Round "3"]
[White "Garcia Palermo Carlos (ITA)"]
[Black "Flores Diego (ARG)"]
[Result "0-1"]
[WhiteElo "2464"]
[BlackElo "2413"]

1.d4 Nf6 2.c4 g6 3.Nc3 Bg7 4.e4 d6 5.f4 O-O 6.Nf3 c5 7.dxc5 Qa5 8.Bd3 Qxc5
9.Qe2 Nc6 10.Be3 Qa5 11.Rc1 Bg4 12.O-O Nd7 13.Qd2 Nc5 14.Bb1 Qb4 15.Rf2 Bxf3
16.gxf3 Qxc4 17.Nd5 Qa4 18.b3 Qa3 19.b4 Na4 20.b5 e6 21.bxc6 exd5 22.cxb7 Rab8
23.Rc7 Nc3 24.Bc2 Nb5 {#R} 0-1

[Event "It (c)"]
[Site "masterchessopen.com Dos Hermanas (Spain)"]
[Round "8"]
[White "Barrero Garcia Carlos (ESP)"]
[Black "Diaz Castro Sergio (ESP)"]
[Result "1-0"]
[WhiteElo "2307"]
[BlackElo "2141"]

1.d4 Nf6 2.c4 g6 3.Nc3 Bg7 4.e4 d6 5.f4 c5 6.dxc5 Qa5 7.Bd3 Qxc5 8.Qe2 Nc6
9.Nf3 O-O 10.Be3 Qa5 11.O-O Bd7 12.a3 Rfc8 13.Kh1 a6 14.b4 Qd8 15.Rac1 Bg4
16.Qf2 Bxf3 17.Qxf3 Nd7 18.Nd5 e6 19.Nc3 b5 20.cxb5 Na7 21.e5 Nxb5 22.Nxb5
Rxc1 23.Bxc1 axb5 24.Bxb5 dxe5 25.Bxd7 {#r} 1-0

[Event "It (cat.2) (a)"]
[Site "masterchessopen.com Gausdal (Norway)"]
[Round "4"]
[White "Vegh Endre (HUN)"]
[Black "Petrov Marijan (BUL)"]
[Result "0-1"]
[WhiteElo "2316"]
[BlackElo "2451"]

1.d4 Nf6 2.c4 g6 3.Nc3 Bg7 4.e4 d6 5.f4 O-O 6.Nf3 c5 7.dxc5 Qa5 8.Bd3 Qxc5
9.Qe2 Nc6 10.Be3 Qa5 11.Rc1 Bg4 12.O-O Nd7 13.Qf2 Bxf3 14.gxf3 Nc5 15.Bb1 Na4
16.Nd1 Rac8 17.a3 Qh5 18.b4 e5 19.Kh1 Nd4 20.fxe5 dxe5 21.c5 f5 22.Bxd4 exd4
23.exf5 gxf5 24.Bc2 Nc3 25.Rg1 Rcd8 26.Nxc3 dxc3 27.Qg3 Qh6 28.Rce1 Kh8 29.Bb3
Rfe8 30.Qc7 Bd4 31.Rxe8+ Rxe8 32.Qd7 Qe3 33.Rf1 c2 34.Bxc2 Rg8 {#R} 0-1

[Event "It (open)"]
[Site "masterchessopen.com Haarlem (Netherlands)"]
[Round "5"]
[White "Seelemeijer Jasper (NED)"]
[Black "Bonte Holger (NED)"]
[Result "1-0"]
[WhiteElo "1915"]
[BlackElo "1924"]

1.d4 Nf6 2.c4 g6 3.Nc3 Bg7 4.e4 d6 5.f4 O-O 6.Nf3 c5 7.dxc5 Qa5 8.Bd3 Qxc5
9.Qe2 Nc6 10.Be3 Qa5 11.O-O Bg4 12.a3 Nd7 13.b4 Qd8 14.Rac1 a5 15.b5 Nd4
16.Qf2 Nb3 17.Rc2 Nbc5 18.Ne1 Be6 19.Nd5 f5 20.e5 Nxd3 21.Nxd3 dxe5 22.fxe5
Bxe5 23.Nxe5 Nxe5 24.Bb6 Qd7 25.Rd1 Kf7 26.Qe2 Nxc4 27.Nc7 Nd6 28.Nxa8 Bb3
29.Nc7 Bxc2 30.Qxc2 Rc8 31.a4 {#r} 1-0